Programas para evaluaciones fiscales en empresas comerciales e industriales

Bibliographic Details
Main Author: Benavides Pintos, Mara̕ Alicia
Other Authors: Burciaga Alvarado, Domingo, Figueroa Lorrabaquio, Rodolfo Jos ̌Luis
Format: eBook
Language:Spanish
Published: Ciudad de Mx̌ico: Instituto Mexicano de Contadores Pb︢licos, 2019
Subjects:
Online Access:Acceso restringido

MARC

LEADER 00000nam a22000007a 4500
005 2019030106436.0
007 cr|||| ||||
008 190301s2019 mx |||||s|||| 00||0 spa d
020 |a 978-607-8628-41-4 
035 |a 22926 
040 |a vLex 
090 |c 8492  |d 8492 
100 1 |a Benavides Pintos, Mara̕ Alicia 
245 1 0 |a Programas para evaluaciones fiscales en empresas comerciales e industriales  |h [Recurso electrn̤ico] /  |c Mara̕ Alicia Benavides Pintos, Domingo Burciaga Alvarado, Rodolfo Jos ̌Luis Figueroa Lorrabaquio 
256 |a Servicio en ln̕ea 
260 |a Ciudad de Mx̌ico:  |b Instituto Mexicano de Contadores Pb︢licos,  |c 2019 
300 |a 1 recurso electrn̤ico 
506 1 |a Disponible solo en los productos indicados  |d vLex Global  |d vLex Global (Academic Edition, excluding Law Schools)  |d vLex Global (U.S. Academic Edition, Law Schools)  |d vLex Global (U.S. Academic Edition, excluding Law Schools)  |d vLex Global (Academic Edition, Law Schools) 
650 0 4 |a Derecho Mercantil y de la Empresa  |z Mx̌ico 
650 0 4 |a Derecho Fiscal  |z Mx̌ico 
700 1 |a Burciaga Alvarado, Domingo 
700 1 |a Figueroa Lorrabaquio, Rodolfo Jos ̌Luis 
740 0 |a vLex Libros (Servicio en ln̕ea) 
856 4 0 |u http://vlex.com/source/programas-evaluaciones-fiscales-empresas-comerciales-industriales-22926  |z Acceso restringido 
942 |c BOOK 
999 0 |a Business and Company Law 
999 0 |a Tax Law